10 największych miast w Województwie Podkarpackim - Statystyki

Ogólne statystyki
  • Ten quiz został rozwiązany 149 razy
  • Średni wynik to 7 z 10
Statystyki odpowiedzi
L. lud. Miasto % Poprawnych
178 tys. Rzeszów
99%
66 tys. Przemyśl
80%
47 tys. Krosno
78%
60 tys. Mielec
73%
39 tys. Sanok
66%
50 tys. Tarnobrzeg
66%
62 tys. Stalowa Wola
61%
37 tys. Jasło
60%
47 tys. Dębica
57%
40 tys. Jarosław
50%
Nie znaleziono quizów pasujących do podanych kryteriów
Rozkład punktacji
Procent ludzi z każdym wynikiem
Percentyl według liczby udzielonych odpowiedzi
Twoja historia wyników
Nie rozwiązałeś tego quizu